000 00474nam a2200169Ia 4500
008 090711s9999 xx 000 0 und d
082 _b2635
100 _aरहाळकर उाgऎ. के.
245 _aकोकण कथा
260 _c1965
300 _a80
600 _aरहाळकर उाgऎ. के.
630 _aकोकण कथा
700 _aरहाळकर उाgऎ. के.
730 _aकोकण कथा
942 _cBOOK
999 _c305446
_d305446